00644nam a2200205Ia 4500003000400000005001700004008004100021040001900062041000800081082002000089100001600109245007800125250001200203260004500215300004100260650004400301650004500345650003000390700001800420OSt20230714115124.0210716s2015 xx 000 0 und d cAIMIT LIBRARY aeng a338.9 21bLEKR aLekhi, R K. aEconomics of development and planning /cBy R K Lekhi and Joginder singh. a1st ed. aNew Delhi :bKalyani Publishers ,c2015. a120.I;177.II,264.VIIp. ;bPBc24 cm. aBasic conceptrs of economic development aGeneral theories of economic development aModels of economic growth aSingh, Jogin.